<A> Dictionary of Accounting

Salvato in:
Dettagli Bibliografici
Natura: Libro
Lingua:inglese
Pubblicazione: Oxford Oxford University Press 2016
Edizione:5th Edition
Soggetti:
Tags: Aggiungi Tag
Nessun Tag, puoi essere il primo ad aggiungerne!!

MARC

LEADER 00000nam a2200000 4500
001 0233625
005 20240314075829.7
020 |a 978-0-19-874351-4 
041 0 |a eng 
044 |a GB 
245 1 0 |a <A> Dictionary of Accounting 
250 |a 5th Edition 
264 1 |a Oxford  |b Oxford University Press  |c 2016 
300 |a 458 s. 
610 2 0 |a účtovníctvo 
610 2 0 |a terminológia 
610 2 0 |a pojmy